Регионална библиотека "Любен Каравелов" - Русе

Der Schleier (Запис номер 424753)

MARC детайли
000 -Лидер
Контролно поле с фиксирана дължина nam a22 a 4500
003 - Код на организацията, давaща контролен номер
Контролно поле BLK
005 - Дата и час на последна редакция
Контролно поле 20210722122947.0
008 - Елементи от данни с фиксирана дължина
fixed length control field 180413b bul|||||||||||||| ||bul||
040 ## - Източник на каталожния запис
Идентификатор на билиотеката - собственик на записа BLK
041 ## - Код за език
Код за езика на текст/звукозапис или на отделно заглавие Немски
Код за езика КДБФ Немски
080 ## - УДК
Текстов определител УДК Немска литература
УДК код - определител по УДК 821.112.2
УДК определител -3
УДК - код + определител 821.112.2-3
100 ## - Редна дума - Автор
Автор Strauss, Emil
Авторска отговорност първи автор
R(LIN) 458945
139 ## - Редно поле
Редна дума Strauss, Emil
245 10 - Сведения за заглавието
Заглавие Der Schleier
Подзаглавни данни Geschichten
Редно поле (дума) Emil Strauss
257 ## - Страна на издаване
Страна на създаване/издаване Германия
260 ## - Област на издателските данни
Име на издателя, разпространителя и проч. Albert Langen
Година на издаване б. г.
Място на издаване, разпространение и проч. Berlin
9 (RLIN) 459086
300 ## - Физическа характеристика
Страници 304 p.
Размери/Мащаб 19,5 см
380 ## - Жанр
Жанр Худож. лит.
852 ## - Местоположение
Форматна сигнатура Цб 8.195.18267
Фондова буква Хранилище
999 ## - СИСТЕМНИ КОНТРОЛНИ НОМЕРА
Koha biblionumber 424753
Koha biblioitemnumber 424753
942 ## - АРТИКУЛИ
Вид на библиотечния материал Книги
Скрит в OPAC Не
Периодичен библиозапис Да
944 ## - СЪЗДАВАНЕ И РЕДАКЦИЯ на ЗАПИСА
Създаване/Редакция Създаване
Дата на регистрацията/редакция 2021-07-22
Служител, извършил регистрацията/редакцията Ренета Константинова
Наличности
Код за отписване Код за изгубен артикул Източник на класификационната схема Код за повреда Коз за рестрикции Код за отдаване Артикулен № Име на библиотеката - собственик Име на библиотеката, в която се намира в момента Статус (Текущо местоположение) Дата на вписване в системата Местоположение - отдел Цена в лева Инвентарен номер Систематично азбучна сигнатура Баркод Цена в евро Служебен тип на артикула
  Не е изгубен Universal Decimal Classification Не е повреден само за читалня ползва се в читалня 844444 Регионална библиотека "Любен Каравелов" Русе Регионална библиотека "Любен Каравелов" Русе Хранилище 2021-07-23 Основен фонд - ползва се само за читалня 0.60 18267 Цб 8.195.18267 900000070787 0.31 Книги
Vip Innovations Ltd, Rousse, Bulgaria 2025